| 000 | 00000nam##2200000za#4500 |
| 001 | 9.524127 |
| 003 | CaOODSP |
| 005 | 20250319165105 |
| 007 | ta |
| 008 | 150406|1994||||xxc||||| f|0| 0 fre|d |
| 040 | |aCaOODSP|bfre |
| 041 | |aeng |
| 041 | |afre |
| 043 | |an-cn--- |
| 086 | 1 |aH71-2/4-33-1994 |
| 110 | 2 |aConseil consultatif national sur le troisième âge (Canada) |
| 245 | 13|aUn bref portrait de la santé et des aîné-e-s au Canada |
| 260 | |aOttawa - Ontario : |bSanté Canada. |c1994. |
| 300 | |a14 feuillets. : |bréférences ; |c28 cm. |
| 490 | 1 |aVignettes vieillissement |vNos 21-33 |
| 500 | |aSommaire: Note aux lecteurs et lectrices.--Comment finance-t'on le système des soins de santé?--Combien coûtent les soins de santé?--Comment dépense-t'on l'argent destiné aux soins de la santé?--Comment les dépenses de la santé ont-elles évolué au cours des dernières années?--Combien coûtent les soins des aîné-e-s au système de soins de la santé canadien?--Quelle est l'incidence du vieillissement de la population sur les coûts des soins de santé?--Combien coûtent les médicaments?--Combien de médicaments les aînés-e-s consomment-ils?--Les médicaments sont-ils pris à bon escient?--Contrôle-t-on le prix des médicaments?--Combien et quel genre d'hôpitaux exploite-t-on au Canada?--Comment les budgets des hôpitaux ont-ils été affectés au cours des dernières années?--Les aîné-e-s utilisent-ils beaucoup les soins hospitaliers?--Dans quels autres établissements de soins vont-ils?--Qui utilise les services à domicile et qui règle la note?--Les soins à domicile coûtent-ils moins chers que ceux en établissement?--Y a-t-il un médecin dans la salle?--A quelle fréquence les gens consultent-ils un médecin?--De quelle façon les coûts reliés aux médecins sont-ils contrôlés?--Comment être plus en santé, plus heureux... et moins cher à soigner? |
| 546 | |aBilingue |
| 590 | |a94-21|b1994-05-27 |
| 691 | 07|aVieillissement|2gcpds |
| 691 | 07|aAîné|2gcpds |
| 776 | 0#|tA quick portrait of Canadian health and seniors |w(CaOODSP)9.572798 |
| 776 | 0#|tUn bref portrait de la santé et des aîné-e-s au Canada |w(CaOODSP)9.603064 |
| 791 | |tA quick portrait of Canadian health and seniors |eeng|w(CaOODSP)9.524126 |
| 830 | #0|aVignettes vieillissement ;|vNos 21-33|w(CaOODSP)9.509417 |